[Event "ChessOrg-Schachfestival 2022-Senioren"]
[Site "Bad Woerishofen"]
[Date "2022.03.14"]
[Round "4.4"]
[White "Lange, Manfred"]
[Black "Koehler, Gerhard"]
[Result "1-0"]
[WhiteElo "2028"]
[BlackElo "2208"]
[PlyCount "94"]
[EventDate "2022.??.??"]
[WhiteTeam "SV Wuerzburg von 1865 e.V."]
[BlackTeam "USV Halle"]

1. d4 Nf6 2. c4 d6 3. Nc3 Nbd7 4. e4 e5 5. Nf3 Be7 6. Be2 O-O 7. d5 Nc5 8. Qc2
a5 9. Be3 b6 10. h3 g6 11. Bh6 Re8 12. g4 Bf8 13. Bxf8 Rxf8 14. O-O-O Ne8 15.
Qd2 Qf6 16. Rdg1 Qg7 17. h4 Nf6 18. h5 Nfxe4 19. Nxe4 Nxe4 20. Qe3 Nf6 21. hxg6
fxg6 22. Ng5 Bd7 23. Rh2 Rae8 24. f3 Re7 25. Bd3 e4 26. Bxe4 Nxe4 27. Rxh7 Qe5
28. Rxe7 Qxe7 29. Nxe4 Qe5 30. g5 Kg7 31. Re1 Rf4 32. Nd2 Qxg5 33. Qe7+ Qxe7
34. Rxe7+ Rf7 35. Rxf7+ Kxf7 36. Kd1 Bf5 37. Ke2 g5 38. Ke3 Bc2 39. b3 Kf6 40.
a3 Ke5 41. b4 axb4 42. axb4 b5 43. cxb5 Kxd5 44. b6 cxb6 45. b5 Kc5 46. Ne4+
Bxe4 47. Kxe4 d5+ 1-0

[Event "ChessOrg-Schachfestival 2022-Senioren"]
[Site "Bad Woerishofen"]
[Date "2022.03.14"]
[Round "4.5"]
[White "Matzat, Andre"]
[Black "Neubauer, Bernd"]
[Result "1-0"]
[WhiteElo "1991"]
[BlackElo "2141"]
[PlyCount "71"]
[EventDate "2022.??.??"]
[WhiteTeam "Oberhausener SV 1887 e.V."]
[BlackTeam "ESV 1949 Eberswalde e.V."]

1. d4 Nf6 2. Nf3 c5 3. d5 d6 4. Nc3 g6 5. e4 Bg7 6. Bc4 O-O 7. O-O Nbd7 8. Re1
Ne5 9. Nxe5 dxe5 10. Be3 b6 11. Qd2 Ne8 12. a4 Nd6 13. Bf1 f5 14. exf5 Nxf5 15.
Bc4 Kh8 16. Ne4 Nd6 17. Bd3 e6 18. Bg5 Qc7 19. Nxd6 Qxd6 20. Bc4 exd5 21. Qxd5
Qb8 22. Rad1 Bb7 23. Qd7 h6 24. Be7 Rf4 25. Qe6 Qe8 26. b3 Kh7 27. Rd6 Bc8 28.
Qd5 Bf5 29. Qb7 Qc8 30. Qd5 Qe8 31. Bf6 Rd4 32. Qb7 Bd7 33. Rxd4 cxd4 34. Rxe5
Qf8 35. Bxg7 Qxg7 36. Qxa8 1-0

[Event "ChessOrg-Schachfestival 2022-Senioren"]
[Site "Bad Woerishofen"]
[Date "2022.03.14"]
[Round "4.6"]
[White "Walther, Reinhard"]
[Black "Daeubler, Heinrich"]
[Result "0-1"]
[WhiteElo "1945"]
[BlackElo "2136"]
[PlyCount "74"]
[EventDate "2022.??.??"]
[WhiteTeam "SK 1911 Herzogenaurach e.V."]
[BlackTeam "SC Haselmuehl"]

1. d4 g6 2. Bf4 Bg7 3. Nc3 d6 4. e4 Nd7 5. Nf3 a6 6. Qd2 e6 7. Bg5 Ne7 8. Bh6
Bxh6 9. Qxh6 Ng8 10. Qe3 b6 11. O-O-O Bb7 12. h4 h5 13. Ng5 Qe7 14. f4 Ngf6 15.
Be2 O-O-O 16. Bf3 Ng4 17. Qe2 f6 18. Nh3 Nh6 19. g3 Kb8 20. d5 Rde8 21. Qc4 e5
22. Be2 Qd8 23. Qa4 Qc8 24. b4 Rhf8 25. Bc4 b5 26. Nxb5 Nb6 27. Qb3 Nxc4 28.
Qxc4 axb5 29. Qxb5 c6 30. Qa4 cxd5 31. exd5 e4 32. b5 Qc5 33. Rd4 Rc8 34. Re1
f5 35. Ng5 Qc3 36. Red1 e3 37. b6 Qa1# 0-1

[Event "ChessOrg-Schachfestival 2022-Senioren"]
[Site "Bad Woerishofen"]
[Date "2022.03.14"]
[Round "4.7"]
[White "Schatz, Christian"]
[Black "Keller, Harald"]
[Result "1/2-1/2"]
[WhiteElo "2122"]
[BlackElo "2041"]
[PlyCount "84"]
[EventDate "2022.??.??"]
[WhiteTeam "SC Postbauer-Heng e.V"]
[BlackTeam "SV Rottweil"]

1. Nf3 Nf6 2. c4 c5 3. Nc3 Nc6 4. d4 cxd4 5. Nxd4 g6 6. e4 d6 7. Be2 Bg7 8. Be3
Bd7 9. O-O Nxd4 10. Bxd4 Bc6 11. f3 O-O 12. Rc1 b6 13. Nd5 Nd7 14. Bxg7 Kxg7
15. Qd4+ Kg8 16. b4 a5 17. a3 axb4 18. axb4 Ra2 19. Bd3 e5 20. Qe3 Bxd5 21.
cxd5 Ra4 22. Qd2 Nf6 23. Bb5 Ra7 24. Rc6 Nh5 25. g3 Qf6 26. Rxb6 Ra3 27. Be2
Rfa8 28. Rc6 Ra2 29. Rc2 Rxc2 30. Qxc2 Qg5 31. Qc1 Qd8 32. Qe3 Ra2 33. Rc1 Qd7
34. Bf1 Kg7 35. b5 Rb2 36. Qa3 Rd2 37. Qb4 Qa7+ 38. b6 Qa2 39. Qb1 Qa3 40. Bg2
Qe3+ 41. Kh1 Qf2 42. Rg1 Rb2 1/2-1/2

[Event "ChessOrg-Schachfestival 2022-Senioren"]
[Site "Bad Woerishofen"]
[Date "2022.03.14"]
[Round "4.8"]
[White "Halli, Gerhard"]
[Black "Okrajek, Alexander"]
[Result "0-1"]
[WhiteElo "1968"]
[BlackElo "2120"]
[PlyCount "70"]
[EventDate "2022.??.??"]
[WhiteTeam "SK 1947 Sandhausen e.V."]
[BlackTeam "SC-Siegburg"]

1. d4 c5 2. e3 Nf6 3. Nf3 e6 4. Bd3 b6 5. O-O Bb7 6. Nbd2 Be7 7. Qe2 d5 8. c3
Nbd7 9. Ba6 Bxa6 10. Qxa6 Qc7 11. a4 O-O 12. Qd3 Rfd8 13. Re1 e5 14. dxe5 Nxe5
15. Qf5 Nxf3+ 16. Qxf3 Qc6 17. c4 Rac8 18. cxd5 Nxd5 19. Ne4 Nb4 20. Rf1 g6 21.
g4 Rd3 22. Bd2 Nc2 23. Rab1 Nd4 24. Qg2 f5 25. gxf5 Nxf5 26. Bc3 Qxa4 27. Qg4
Qd7 28. Rbd1 c4 29. Ra1 a5 30. h3 a4 31. Rfc1 b5 32. Qf4 Qd5 33. Bb4 Qe6 34.
Ba5 Rf8 35. Qg4 h5 0-1

[Event "ChessOrg-Schachfestival 2022-Senioren"]
[Site "Bad Woerishofen"]
[Date "2022.03.14"]
[Round "4.9"]
[White "Pfitzer, Norbert"]
[Black "Waltenberger, Udo"]
[Result "1-0"]
[WhiteElo "2026"]
[BlackElo "1977"]
[PlyCount "159"]
[EventDate "2022.??.??"]
[WhiteTeam "SV Backnang"]
[BlackTeam "SV Eiche Reichenbrand"]

1. Nf3 c5 2. c4 g6 3. Nc3 Bg7 4. g3 Nc6 5. Bg2 e5 6. O-O Nge7 7. e3 O-O 8. d3
Rb8 9. Nd5 a6 10. a4 d6 11. Qc2 Nxd5 12. cxd5 Nb4 13. Qb3 a5 14. e4 Bd7 15. Bd2
b5 16. axb5 Qb6 17. Rfc1 Qxb5 18. Bf1 a4 19. Qa3 Qb7 20. Ne1 Rfc8 21. Be2 Ra8
22. b3 Rcb8 23. bxa4 Rxa4 24. Qb3 Rba8 25. Rxa4 Bxa4 26. Qb2 Rb8 27. Rb1 Bf6
28. Qa3 Qd7 29. Bd1 Bxd1 30. Rxd1 Qd8 31. Ra1 Kg7 32. Qa5 Qxa5 33. Rxa5 Bd8 34.
Ra1 h5 35. h3 Rb7 36. Kf1 Bb6 37. Ke2 Ra7 38. Rxa7 Bxa7 39. Bc3 f5 40. f3 Kf7
41. g4 hxg4 42. hxg4 Bb6 43. gxf5 gxf5 44. Ng2 fxe4 45. fxe4 Bd8 46. Bxb4 cxb4
47. Kd2 Kg6 48. Kc2 Bb6 49. Ne1 Kg5 50. Kb3 Bc5 51. Nc2 Kf4 52. Nxb4 Ke3 53.
Na6 Kd4 54. Kc2 Bb6 55. Nb4 Kc5 56. Nc6 Kb5 57. Kc3 Bc5 58. d4 exd4+ 59. Nxd4+
Kb6 60. Ne6 Bf2 61. Kc4 Bg1 62. Ng7 Bh2 63. Ne6 Bg1 64. Kd3 Kb7 65. Ke2 Kc8 66.
Kf3 Kd7 67. Kg4 Ke7 68. Kf5 Bh2 69. Nd4 Kd7 70. Kg6 Be5 71. Nc6 Bc3 72. Kf7 Bb2
73. Nb4 Bc3 74. Nd3 Bd4 75. Nf4 Be3 76. Ng6 Bh6 77. Nf8+ Kd8 78. Nh7 Bf4 79.
Ke6 Be5 80. Ng5 1-0

[Event "ChessOrg-Schachfestival 2022-Senioren"]
[Site "Bad Woerishofen"]
[Date "2022.03.14"]
[Round "4.10"]
[White "Klein, Gerhard"]
[Black "Kierzek, Mira"]
[Result "1/2-1/2"]
[WhiteElo "1771"]
[BlackElo "1984"]
[PlyCount "105"]
[EventDate "2022.??.??"]
[WhiteTeam "Sfr.Konz-Karthaus"]
[BlackTeam "SC Fulda"]

1. Nf3 d5 2. b3 Nf6 3. Bb2 e6 4. d3 c5 5. Nbd2 Nc6 6. a4 Be7 7. c4 d4 8. g3 O-O
9. Bg2 e5 10. O-O h6 11. Ba3 a5 12. Ne1 Bf5 13. Ne4 Nxe4 14. dxe4 Be6 15. Nd3
b6 16. Bc1 Rc8 17. Bd2 Bd6 18. Qc1 Qd7 19. f4 Bh3 20. f5 Bxg2 21. Kxg2 f6 22.
Rf3 Ne7 23. Nf2 Qb7 24. g4 Kf7 25. h4 Rcd8 26. h5 Bb8 27. Rd3 Kg8 28. Kh3 Kh7
29. Kh4 Nc8 30. Qh1 Nd6 31. Rg1 Qc6 32. Qf3 Bc7 33. Rc1 Rb8 34. Qh1 Bd8 35. Qf3
Be7 36. Qh1 Ra8 37. Qf3 Rfb8 38. Qh1 Bd8 39. Qf3 Rc8 40. Qh1 Qb7 41. Ra1 Ra7
42. Bc1 Be7 43. Bd2 Qa8 44. Kh3 Bd8 45. Rc1 Rac7 46. Ra1 Qb7 47. Qf3 Ra8 48.
Rc1 Qc8 49. Qh1 Be7 50. Qf3 Bf8 51. Qh1 Be7 52. Qf3 Bd8 53. Qh1 1/2-1/2

[Event "ChessOrg-Schachfestival 2022-Senioren"]
[Site "Bad Woerishofen"]
[Date "2022.03.14"]
[Round "4.11"]
[White "Mueller, Thomas"]
[Black "Hansch, Klaus-Michael"]
[Result "1/2-1/2"]
[WhiteElo "1980"]
[BlackElo "1829"]
[PlyCount "40"]
[EventDate "2022.??.??"]
[WhiteTeam "SV Schoemberg"]
[BlackTeam "SC Weisse Dame e.V."]

1. d4 Nf6 2. Nf3 c5 3. e3 cxd4 4. exd4 d5 5. c4 e6 6. Nc3 Be7 7. Bg5 O-O 8. c5
Nc6 9. a3 Ne4 10. Bxe7 Nxc3 11. Bxd8 Nxd1 12. Rxd1 Rxd8 13. b4 a6 14. Be2 f6
15. O-O Bd7 16. Rd2 Na7 17. Rb1 Rdc8 18. Ne1 Nb5 19. Bxb5 axb5 20. Rb3 Kf7
1/2-1/2

[Event "ChessOrg-Schachfestival 2022-Senioren"]
[Site "Bad Woerishofen"]
[Date "2022.03.14"]
[Round "4.12"]
[White "Di Lazzaro, Gabriele"]
[Black "Krueger, Norbert"]
[Result "1/2-1/2"]
[WhiteElo "1768"]
[BlackElo "1946"]
[PlyCount "132"]
[EventDate "2022.??.??"]
[WhiteTeam "Richter - Bolzano"]
[BlackTeam "Ratinger SK 1950"]

1. e4 c5 2. d4 cxd4 3. c3 Nf6 4. e5 Nd5 5. Nf3 e6 6. cxd4 b6 7. Bc4 Ba6 8. Bxa6
Nxa6 9. O-O Be7 10. Qe2 Nac7 11. Nc3 Nxc3 12. bxc3 O-O 13. c4 d5 14. exd6 Bxd6
15. a4 a5 16. Ba3 Na6 17. Bxd6 Qxd6 18. Rfd1 Nb4 19. Ne5 Rfd8 20. Rac1 Nc6 21.
Nxc6 Qxc6 22. Qa2 Rac8 23. h3 Rd6 24. Rd2 g6 25. Qc2 Qd7 26. Rcd1 Rdc6 27. d5
Rxc4 28. dxe6 Qxe6 29. Rd8+ Kg7 30. Qb2+ Qf6 31. Qxf6+ Kxf6 32. Rxc8 Rxc8 33.
Rd6+ Kg7 34. Rxb6 Rc4 35. Ra6 Rxa4 36. g3 h5 37. Kg2 Ra2 38. h4 a4 39. Kf3 a3
40. Kg2 Ra1 41. Kf3 Kf8 42. Ra7 a2 43. Kg2 f6 44. Kf3 g5 45. Kg2 Ke8 46. Kh2
Kd8 47. Kg2 Kc8 48. Kh2 Kb8 49. Ra3 Kb7 50. Kg2 Kb6 51. Kh2 Kc5 52. Kg2 gxh4
53. gxh4 f5 54. f3 Kc4 55. Ra8 Kd3 56. Ra3+ Ke2 57. Ra8 f4 58. Re8+ Kd3 59.
Rd8+ Kc4 60. Rc8+ Kd5 61. Rd8+ Ke6 62. Ra8 Rd1 63. Rxa2 Rd5 64. Re2+ Re5 65.
Ra2 Rc5 66. Re2+ Re5 1/2-1/2

[Event "ChessOrg-Schachfestival 2022-Senioren"]
[Site "Bad Woerishofen"]
[Date "2022.03.14"]
[Round "4.13"]
[White "Strohbusch, Frank"]
[Black "Zoll, Detlef"]
[Result "1/2-1/2"]
[WhiteElo "1762"]
[BlackElo "1914"]
[PlyCount "24"]
[EventDate "2022.??.??"]
[WhiteTeam "SK Freising"]
[BlackTeam "ESV 1949 Eberswalde e.V."]

1. e4 e6 2. d4 d5 3. Nc3 Nf6 4. e5 Nfd7 5. f4 c5 6. Nf3 Nc6 7. Be3 a6 8. Qd2 b5
9. dxc5 Bxc5 10. Bxc5 Nxc5 11. Nd4 Qb6 12. Nxc6 Qxc6 1/2-1/2

[Event "ChessOrg-Schachfestival 2022-Senioren"]
[Site "Bad Woerishofen"]
[Date "2022.03.14"]
[Round "4.14"]
[White "Christen, Pierre"]
[Black "Bjorgvik, Jan Arne"]
[Result "1/2-1/2"]
[WhiteElo "1827"]
[BlackElo "1771"]
[PlyCount "118"]
[EventDate "2022.??.??"]
[WhiteTeam "SG Trier"]
[BlackTeam "Direktmitglied NSF"]

1. c4 e5 2. g3 c6 3. d4 exd4 4. Qxd4 Qf6 5. Nf3 Qxd4 6. Nxd4 Nf6 7. Nc3 Bb4 8.
Bd2 d6 9. Bg2 O-O 10. a3 Bc5 11. Nc2 Nbd7 12. Na4 Re8 13. b4 Bb6 14. Nxb6 Nxb6
15. Ne3 Ng4 16. Rc1 Be6 17. c5 dxc5 18. bxc5 Nxe3 19. Bxe3 Nc4 20. Rc3 Nxe3 21.
Rxe3 Bc4 22. Kd2 Rad8+ 23. Kc3 Rxe3+ 24. fxe3 Bxe2 25. Rb1 Ba6 26. Be4 g6 27.
Rb4 f5 28. Bc2 Kg7 29. e4 Kf6 30. exf5 Rd5 31. fxg6 Rxc5+ 32. Kb2 hxg6 33. Rf4+
Kg7 34. Rg4 g5 35. h4 Kh6 36. hxg5+ Rxg5 37. Rh4+ Kg7 38. g4 Kf6 39. Bf5 Ke5
40. Rh7 Kf6 41. Rh6+ Ke5 42. Rh7 Rg8 43. Re7+ Kd6 44. Rd7+ Kc5 45. Rd2 Bf1 46.
Rf2 Bb5 47. Rg2 Rg5 48. Rg3 Kd4 49. Bc8 b6 50. Bf5 c5 51. Rh3 Bc6 52. Rd3+ Ke5
53. Re3+ Kf4 54. Re7 Bf3 55. Rxa7 Bxg4 56. Bxg4 Kxg4 57. Ra6 b5 58. Ra5 b4 59.
axb4 cxb4 1/2-1/2

[Event "ChessOrg-Schachfestival 2022-Senioren"]
[Site "Bad Woerishofen"]
[Date "2022.03.14"]
[Round "4.15"]
[White "Lechner, Otto"]
[Black "Loibl, Johann"]
[Result "1-0"]
[WhiteElo "1845"]
[BlackElo "1762"]
[PlyCount "47"]
[EventDate "2022.??.??"]
[WhiteTeam "TSV Wertingen 1862 SAbt"]

1. e4 e5 2. Nf3 Nc6 3. Bc4 Bc5 4. c3 Nf6 5. d4 exd4 6. O-O O-O 7. cxd4 Bb6 8.
d5 Ne7 9. e5 Ng4 10. h3 Nxf2 11. Rxf2 Bxf2+ 12. Kxf2 d6 13. Nc3 dxe5 14. Nxe5
Qd6 15. Nf3 Nf5 16. Ne4 Qb6+ 17. Kf1 Re8 18. Nf2 Ng3+ 19. Kg1 Ne4 20. Qd4 Qg6
21. Bd3 Bf5 22. Nh4 Qh5 23. Nxf5 Qxf5 24. Bxe4 1-0

[Event "ChessOrg-Schachfestival 2022-Senioren"]
[Site "Bad Woerishofen"]
[Date "2022.03.14"]
[Round "4.16"]
[White "Goris, Ton"]
[Black "Leser, Alfred"]
[Result "1/2-1/2"]
[WhiteElo "1952"]
[BlackElo "1736"]
[PlyCount "51"]
[EventDate "2022.??.??"]
[BlackTeam "Schachfreunde Mengen"]

1. d4 d5 2. e4 c6 3. e5 Bf5 4. Nc3 e6 5. g4 Bg6 6. Nge2 Be7 7. Nf4 Nd7 8. Be3
c5 9. Bb5 Rc8 10. Qd2 a6 11. Bxd7+ Qxd7 12. h4 f6 13. exf6 Nxf6 14. Nxg6 hxg6
15. g5 Ng4 16. dxc5 Bxc5 17. O-O-O Qc6 18. Bxc5 Qxc5 19. Rdf1 Rf8 20. Qe2 Kf7
21. Re1 Rc6 22. Qxg4 d4 23. Qf3+ Kg8 24. Qd3 dxc3 25. Qxc3 Qd5 26. Qb3 1/2-1/2

[Event "ChessOrg-Schachfestival 2022-Senioren"]
[Site "Bad Woerishofen"]
[Date "2022.03.14"]
[Round "4.17"]
[White "Desoye, Gernot"]
[Black "Schwis, Joachim"]
[Result "1-0"]
[WhiteElo "1776"]
[BlackElo "1931"]
[PlyCount "43"]
[EventDate "2022.??.??"]
[BlackTeam "SK Suelz-Klettenberg"]

1. d4 Nf6 2. c4 d6 3. Nc3 g6 4. e4 Bg7 5. f3 O-O 6. Be3 c6 7. Qd2 Qc7 8. Nge2
a6 9. Rc1 Nbd7 10. Rc2 b6 11. Nc1 c5 12. d5 Ne5 13. Be2 e6 14. O-O Bb7 15. h3
exd5 16. exd5 Rae8 17. Kh2 Bc8 18. Bg5 Bf5 19. Bd3 Bxd3 20. Nxd3 Nxc4 21. Qf4
Nh5 22. Qxc4 1-0

[Event "ChessOrg-Schachfestival 2022-Senioren"]
[Site "Bad Woerishofen"]
[Date "2022.03.14"]
[Round "4.18"]
[White "Stern, Geoffrey"]
[Black "Flockerzi, Armin"]
[Result "1-0"]
[WhiteElo "1930"]
[BlackElo "1761"]
[PlyCount "71"]
[EventDate "2022.??.??"]
[WhiteTeam "Gambit Bonnevoie"]
[BlackTeam "VfR-SC Koblenz"]

1. d4 d5 2. Nc3 c6 3. Bf4 Nd7 4. e3 g6 5. Nf3 Bg7 6. Be2 Ngf6 7. Ne5 Qb6 8. Rb1
O-O 9. O-O Nxe5 10. Bxe5 Nd7 11. Bxg7 Kxg7 12. e4 e6 13. Qd2 Qc7 14. f4 f5 15.
e5 b6 16. Kh1 Qd8 17. Rg1 c5 18. g4 cxd4 19. Qxd4 Qe7 20. gxf5 exf5 21. Bf3 Nc5
22. Nxd5 Qb7 23. e6+ Kg8 24. e7 Re8 25. Nf6+ Kf7 26. Bxb7 Bxb7+ 27. Nd5 Rxe7
28. Qf6+ Kg8 29. c4 Rae8 30. h4 Re6 31. Qd4 Kf7 32. Kh2 Rd6 33. h5 Re4 34. Qc3
Bxd5 35. cxd5 Rxf4 36. Qg3 1-0

[Event "ChessOrg-Schachfestival 2022-Senioren"]
[Site "Bad Woerishofen"]
[Date "2022.03.14"]
[Round "4.19"]
[White "McAndrew, Robert"]
[Black "Klimpel, Siegfried"]
[Result "1/2-1/2"]
[WhiteElo "1927"]
[BlackElo "1754"]
[PlyCount "48"]
[EventDate "2022.??.??"]
[WhiteTeam "Gambit Bonnevoie"]
[BlackTeam "TSV Kareth-Lappersdorf"]

1. Nf3 d5 2. g3 Nf6 3. Bg2 e6 4. d3 Be7 5. Nbd2 c5 6. O-O Nc6 7. e4 Qc7 8. Re1
O-O 9. c3 b5 10. Qe2 Bb7 11. h4 Rfe8 12. e5 Nd7 13. Nf1 f6 14. Bf4 f5 15. d4 c4
16. Ne3 Qc8 17. g4 Nf8 18. gxf5 exf5 19. Nxd5 Ne6 20. Qe3 Qd7 21. Nxe7+ Nxe7
22. Ng5 Nd5 23. Bxd5 Qxd5 24. f3 Nxg5 1/2-1/2

[Event "ChessOrg-Schachfestival 2022-Senioren"]
[Site "Bad Woerishofen"]
[Date "2022.03.14"]
[Round "4.20"]
[White "Harsch, Martin"]
[Black "Cerpnjak, Mirko"]
[Result "1-0"]
[WhiteElo "1908"]
[BlackElo "1738"]
[PlyCount "107"]
[EventDate "2022.??.??"]
[BlackTeam "1. SC Groebenzell"]

1. e4 e5 2. Nf3 Nc6 3. d4 exd4 4. Nxd4 Bc5 5. Be3 Nxd4 6. Bxd4 Bxd4 7. Qxd4 Qf6
8. e5 Qb6 9. Qxb6 axb6 10. Nc3 Ra5 11. Nb5 Kd8 12. b4 Ra4 13. c3 f6 14. f4 fxe5
15. fxe5 Nh6 16. Bc4 Ng4 17. e6 d6 18. Bb3 Ra8 19. O-O Nf6 20. e7+ Kd7 21. Rae1
c5 22. Nxd6 Kxd6 23. Rxf6+ gxf6 24. e8=Q Rxe8 25. Rxe8 cxb4 26. cxb4 b5 27. Rh8
b6 28. Rxh7 Bd7 29. Kf2 Re8 30. Rf7 f5 31. Rf6+ Ke5 32. Rxb6 Rh8 33. h3 Rh4 34.
Rb7 Kd6 35. Rb8 Rxb4 36. Rh8 Rf4+ 37. Kg1 Rd4 38. h4 Rg4 39. h5 Be6 40. Rh6 Re4
41. Rxe6+ Rxe6 42. Bxe6 Kxe6 43. Kf2 Kf6 44. h6 Kg6 45. h7 Kxh7 46. Ke3 Kg6 47.
Kd4 Kg5 48. Kc5 Kg4 49. Kxb5 Kg3 50. a4 Kxg2 51. a5 f4 52. a6 f3 53. a7 f2 54.
a8=Q+ 1-0

[Event "ChessOrg-Schachfestival 2022-Senioren"]
[Site "Bad Woerishofen"]
[Date "2022.03.14"]
[Round "4.21"]
[White "Kievelitz, Bernd"]
[Black "Schmieder, Siegfried"]
[Result "1/2-1/2"]
[WhiteElo "1745"]
[BlackElo "1904"]
[PlyCount "63"]
[EventDate "2022.??.??"]
[WhiteTeam "SC Zitadelle Spandau 1977 e.V."]

1. Nf3 f5 2. g3 Nf6 3. Bg2 g6 4. O-O Bg7 5. d4 d6 6. c4 O-O 7. Nc3 Qe8 8. d5 a5
9. Nd4 Na6 10. e4 fxe4 11. Nxe4 Nxe4 12. Bxe4 Nc5 13. Bg2 Bd7 14. Be3 e5 15.
dxe6 Nxe6 16. Nxe6 Bxe6 17. Bd5 Rb8 18. Qd2 Qf7 19. Bxe6 Qxe6 20. Qxa5 Bxb2 21.
Rab1 b6 22. Qb5 Be5 23. Qc6 Qf7 24. a4 Ra8 25. Rbd1 Ra5 26. Rd5 Ra7 27. Bd4 Qe8
28. Qxe8 Rxe8 29. Bxe5 Rxe5 30. Rxe5 dxe5 31. Rd1 Rxa4 32. Rd8+ 1/2-1/2

[Event "ChessOrg-Schachfestival 2022-Senioren"]
[Site "Bad Woerishofen"]
[Date "2022.03.14"]
[Round "4.22"]
[White "Bachmann, Rolf"]
[Black "Sakowski, Christian"]
[Result "0-1"]
[WhiteElo "1896"]
[BlackElo "1745"]
[PlyCount "52"]
[EventDate "2022.??.??"]
[WhiteTeam "Hsg Hamm"]
[BlackTeam "Schachclub Muelheim 08/25 e.V."]

1. d4 Nf6 2. c4 g6 3. Nc3 d5 4. Nf3 Bg7 5. Bf4 c6 6. h3 O-O 7. e3 b6 8. Rc1 Bb7
9. Be2 e6 10. O-O Nbd7 11. cxd5 Nxd5 12. Bg3 N7f6 13. Ne5 Rc8 14. Qb3 Nxc3 15.
bxc3 Ne4 16. Rfe1 Nxg3 17. fxg3 Bxe5 18. dxe5 Qg5 19. Bf3 Qxe5 20. Kh2 Rfd8 21.
Qb4 c5 22. Qf4 Qxf4 23. gxf4 Bxf3 24. gxf3 Rd2+ 25. Kg3 Rxa2 26. Red1 Rc7 0-1

[Event "ChessOrg-Schachfestival 2022-Senioren"]
[Site "Bad Woerishofen"]
[Date "2022.03.14"]
[Round "4.23"]
[White "Krueger, Detlef"]
[Black "Trefzer, Erhard"]
[Result "0-1"]
[WhiteElo "1737"]
[BlackElo "1896"]
[PlyCount "56"]
[EventDate "2022.??.??"]
[WhiteTeam "TSG Rot-Weiß Fredersdorf/Vogelsdorf e.V."]
[BlackTeam "SV Besigheim"]

1. e4 c6 2. Nf3 g6 3. d4 Bg7 4. Bc4 d5 5. exd5 cxd5 6. Bb3 Nc6 7. O-O Bg4 8. c3
e6 9. Bf4 g5 10. Bc1 h6 11. Re1 Nge7 12. Nbd2 O-O 13. h3 Bf5 14. Bc2 Rc8 15. a3
Bxc2 16. Qxc2 Nxd4 17. Nxd4 Bxd4 18. Nf3 Bf6 19. Ne5 Bxe5 20. Rxe5 Qd6 21. Re3
Nf5 22. Rd3 Rfd8 23. g4 Nh4 24. Be3 Nf3+ 25. Kg2 Ne5 26. Rdd1 Ng6 27. Qd3 d4
28. Qxd4 Qc6+ 0-1

[Event "ChessOrg-Schachfestival 2022-Senioren"]
[Site "Bad Woerishofen"]
[Date "2022.03.14"]
[Round "4.24"]
[White "Kurpiela, Franz"]
[Black "Zwetz, Anita"]
[Result "0-1"]
[WhiteElo "1748"]
[BlackElo "1859"]
[PlyCount "98"]
[EventDate "2022.??.??"]
[WhiteTeam "TSG OEhringen"]
[BlackTeam "TSV Kareth-Lappersdorf"]

1. e4 e6 2. d4 d5 3. exd5 exd5 4. Nf3 Nf6 5. Bg5 Be7 6. Bd3 O-O 7. O-O c5 8.
dxc5 Bxc5 9. Nc3 Be6 10. Na4 Bd6 11. Re1 Nbd7 12. Nd4 Qb8 13. h3 Re8 14. Bb5 a6
15. Bxd7 Nxd7 16. Nxe6 fxe6 17. Qg4 Ne5 18. Qh5 g6 19. Qh4 b5 20. Nc3 Nf7 21.
Bf6 Qc7 22. a3 Rab8 23. b4 Rbc8 24. Re2 Qd7 25. Qg4 Rc4 26. Bd4 Ne5 27. Qh4 Be7
28. Qf4 Nc6 29. Rd1 Nxd4 30. Rxd4 Rxc3 31. Qe5 Rc6 32. h4 Qd6 33. Qe3 Bf6 34.
Rg4 Rc3 35. Qh6 Bg7 36. Qd2 Rc4 37. f4 e5 38. h5 Qb6+ 39. Kh1 Qd4 40. Qe1 gxh5
41. Rh4 Qc3 42. Qf2 Rf8 43. g3 exf4 44. gxf4 Qd4 45. Qg2 Qd1+ 46. Kh2 Rcxf4 47.
Rxf4 Rxf4 48. Rd2 Rh4+ 49. Kg3 Rg4+ 0-1

[Event "ChessOrg-Schachfestival 2022-Senioren"]
[Site "Bad Woerishofen"]
[Date "2022.03.14"]
[Round "4.25"]
[White "Schestak, Herbert"]
[Black "Koenigl, Anton"]
[Result "1-0"]
[WhiteElo "1713"]
[BlackElo "1844"]
[PlyCount "133"]
[EventDate "2022.??.??"]
[BlackTeam "FC Ergolding 1932 e.V."]

1. d4 Nf6 2. Bf4 e6 3. e3 c5 4. c3 Be7 5. Bd3 Nc6 6. Nf3 Nh5 7. Bg3 Nxg3 8.
hxg3 h6 9. Nbd2 b6 10. Qe2 Bb7 11. O-O O-O 12. Rfe1 cxd4 13. exd4 d5 14. Rac1
Bf6 15. Ne5 Rc8 16. Ndf3 Rc7 17. Nxc6 Bxc6 18. Ne5 g6 19. f4 Bg7 20. Kf2 Qd6
21. Rh1 Rfc8 22. Rh3 Be8 23. Rch1 Qe7 24. g4 Qf6 25. Rf3 Qe7 26. f5 exf5 27.
gxf5 Qd6 28. fxg6 fxg6 29. Re1 Re7 30. Re3 Qf6+ 31. Kg1 Rec7 32. Ng4 Qg5 33.
Rxe8+ Rxe8 34. Qxe8+ Kh7 35. Ne5 Bxe5 36. Qxe5 Qd8 37. Rf1 Rg7 38. Rf6 Qd7 39.
Rd6 Qg4 40. Qxd5 Qd1+ 41. Bf1 Qd2 42. Rd7 Qe3+ 43. Kh1 Qf2 44. Rxg7+ Kxg7 45.
Qe5+ Kf8 46. Qb8+ Kg7 47. Qxa7+ Kf8 48. Qa8+ Kg7 49. Qf3 Qxb2 50. Bc4 h5 51. d5
Qc1+ 52. Kh2 Qd2 53. Qe2 Qxc3 54. d6 Qd4 55. Qe6 Qf4+ 56. Kg1 Qd4+ 57. Kf1 Qd1+
58. Kf2 Qd2+ 59. Kf3 Qc3+ 60. Ke4 Qe1+ 61. Kd5 Qf2 62. Kc6 Qc5+ 63. Kb7 b5 64.
Bb3 b4 65. Qd5 Qe3 66. d7 Qe7 67. Qf7+ 1-0

[Event "ChessOrg-Schachfestival 2022-Senioren"]
[Site "Bad Woerishofen"]
[Date "2022.03.14"]
[Round "4.26"]
[White "Ganslmayer, Anton"]
[Black "Cordsen, Heinrich"]
[Result "1/2-1/2"]
[WhiteElo "1830"]
[BlackElo "1732"]
[PlyCount "44"]
[EventDate "2022.??.??"]
[WhiteTeam "SC Wangen"]
[BlackTeam "SK Varel"]

1. d4 e6 2. Nc3 d5 3. Bf4 Nf6 4. e3 Bd6 5. Bg3 a6 6. Bd3 b5 7. a3 Bb7 8. Nf3
O-O 9. O-O Bxg3 10. hxg3 Nbd7 11. Ne5 c5 12. Nb1 c4 13. Be2 Qc7 14. Nxd7 Nxd7
15. f4 Nf6 16. Nd2 c3 17. bxc3 Qxc3 18. Kf2 Ne4+ 19. Nxe4 dxe4 20. Qb1 Rfc8 21.
Rc1 Bd5 22. Qb4 Rc7 1/2-1/2

[Event "ChessOrg-Schachfestival 2022-Senioren"]
[Site "Bad Woerishofen"]
[Date "2022.03.14"]
[Round "4.27"]
[White "Hirstel, Serge"]
[Black "Wacker, Manfred"]
[Result "1/2-1/2"]
[WhiteElo "1828"]
[BlackElo "1705"]
[PlyCount "63"]
[EventDate "2022.??.??"]
[BlackTeam "SC Lambsheim"]

1. e4 e6 2. d3 d5 3. Nd2 Nd7 4. Ngf3 dxe4 5. dxe4 g6 6. Bc4 Bg7 7. O-O Ne7 8.
Qe2 O-O 9. Rd1 c6 10. c3 Qc7 11. Nf1 b5 12. Bb3 Bb7 13. Bg5 Nc5 14. Bc2 Rfd8
15. Qe3 Na6 16. Bh6 c5 17. Bxg7 Kxg7 18. Ng3 Rxd1+ 19. Rxd1 Rd8 20. Rxd8 Qxd8
21. h4 Ng8 22. h5 Nh6 23. Qf4 Qe7 24. hxg6 hxg6 25. e5 Nc7 26. Be4 Bxe4 27.
Qxe4 Nd5 28. c4 bxc4 29. Qxc4 Qb7 30. b3 Qb4 31. Qa6 Qb6 32. Qc4 1/2-1/2